000 00700nam a2200193Ia 4500
001 23653
003 GE_BSU
008 181216s||||||||xx |||||||||||||| ||und||
040 _cGE_BSU
245 _aბათუმელები №6 აგვისტო. 2017
245 _cმთავ. რედ. ე. თურაძე. რედ. ნ. კვაჭაძე
260 _aთბილისი; ბათუმი;
260 _bშპს "გაზეთი ბათუმელები
260 _c2017წელი
300 _a120გვ;27სმ;
653 _aბათუმელები №6 აგვისტო. 2017
653 _aპერიოდიკა
942 _cCR
999 _c56539
_d56539